Economic development in Africa report 2012 : (Record no. 15506)

000 -LEADER
fixed length control field 00775cam a2200205 a 4500
020 ## - INTERNATIONAL STANDARD BOOK NUMBER
ISBN 9789211128536
020 ## - INTERNATIONAL STANDARD BOOK NUMBER
ISBN 9211128536
040 ## - CATALOGING SOURCE
Transcribing agency BTCTA
082 ## - DEWEY DECIMAL CLASSIFICATION NUMBER
Classification number 338 UNI 2012 A077 Or.
245 00 - TITLE STATEMENT
Title Economic development in Africa report 2012 :
Remainder of title structural transformation and sustainable development in Africa /
246 30 - VARYING FORM OF TITLE
Title proper/short title Structural transformation and sustainable development in Africa
260 ## - PUBLICATION, DISTRIBUTION, ETC. (IMPRINT)
Place of publication New York :
Name of publisher United Nations,
Year of publication 2012.
300 ## - PHYSICAL DESCRIPTION
Number of Pages ix, 149 p. :
Other physical details ill. ;
Dimensions 22 cm.
490 1# - SERIES STATEMENT
Series statement Economic development in Africa,
650 #0 - SUBJECT ADDED ENTRY--TOPICAL TERM
Topical Term Economic development
650 #0 - SUBJECT ADDED ENTRY--TOPICAL TERM
Topical Term Sustainable development
710 2# - ADDED ENTRY--CORPORATE NAME
Corporate name or jurisdiction name as entry element United Nations Conference on Trade and Development.
856 41 - ELECTRONIC LOCATION AND ACCESS
Uniform Resource Identifier http://unctad.org/en/PublicationsLibrary/aldcafrica2012_embargo_en.pdf
942 ## - ADDED ENTRY ELEMENTS (KOHA)
Koha item type សៀវភៅភាសាអង់គ្លេស
952 ## - LOCATION AND ITEM INFORMATION (KOHA)
Withdrawn status [LOCAL, KOHA] 0
Holdings
Permanent Location Date acquired Koha item type Lost status Shelving location Barcode Current Location Full call number
Library Block A2017-11-28សៀវភៅភាសាអង់គ្លេស A077A06599Library Block A338 UNI 2012 A077 Or.
មជ្ឈមណ្ឌលឯការនៃសាកលវិទ្យាល័យភូមិន្ទកសិកម្មចំការដូង

Powered by Koha